000 00325nam a2200121 a 4500
005 20140414093835.0
008 030611s19uu xx 00 eng d
050 _aCDR 909
_bEYE 1999
245 _aEyewitness encycolpedia of the world :
_bHistory of the world.
650 _aWorld history.
942 _cAVM
999 _c108951
_d108951